000 00659cam a22002053a 4500
001 44638
003 PGUSA
005 20140828084023.0
008 140109s2014||||xxu|||||s|||||000 | eng d
040 _aPGUSA
_beng
042 _adc
100 1 _aFolkard, Richard
245 1 0 _aPlant Lore, Legends, and Lyrics :
_bEmbracing the Myths, Traditions, Superstitions, and Folk-Lore of the Plant Kingdom
_h[electronic resource] /
_cRichard Folkard
260 _bProject Gutenberg,
_c2014
506 _aPublic domain in the USA.
516 _aElectronic text
830 0 _aProject Gutenberg
_v44638
856 4 0 _uhttp://www.gutenberg.org/ebooks/44638
942 _cEB
999 _c273889
_d273889